| 000 | 00494nam a2200181Ia 4500 | ||
|---|---|---|---|
| 003 | OSt | ||
| 005 | 20240702170732.0 | ||
| 008 | 210210b1961 xxu||||| |||| 00| 0 eng d | ||
| 040 | _cAL | ||
| 041 | _aKannada | ||
| 082 | _a859/641 | ||
| 100 |
_aTA RA SU ತ. ರಾ.ಸು _9135009 |
||
| 245 |
_aHennu kattida mane _bಹೆಣ್ಣು ಕಟ್ಟಿದ ಮನೆ |
||
| 260 |
_aMaisuru _bGayatri Prakashana _c1961 |
||
| 690 |
_aKannada Fiction _9135013 |
||
| 906 | _a021495 | ||
| 942 |
_2ddc _cBK |
||
| 999 |
_c145582 _d145582 |
||